Opus cinématographiques 13 - Resident Evil - Statistiques

Statistiques générales
  • Ce quiz a été pris 307 fois
    267 depuis la dernière actualisation
  • Le résultat moyen est 3 sur 7
Statistiques - réponses
Date de sortie Titre % Correct
2002 Resident Evil
94%
2021 Resident Evil - Bienvenue à Raccoon City
47%
2004 Resident Evil - Apocalypse
42%
2010 Resident Evil - Afterlife
41%
2012 Resident Evil - Retribution
41%
2016 Resident Evil - Chapitre Final
39%
2007 Resident Evil - Extinction
39%
Aucun quiz correspondant
Distribution des résultats
% des personnes avec chaque résultat
Percentile par nombre de réponses
Votre historique - résultats
Vous n’avez pas pris ce quiz depuis la dernière actualisation